000 01093nam a2200217Ia 4500
999 _c40075
_d40075
001 6681
003 GE_BSU
005 20190701173909.0
008 181216s1979||||ge |||||||||||||| ||geo||
041 _ageo
080 _a621.91(076) მ-36
245 _aმასალების ჭრით დამუშავება : დამხმ.სახელმძღვ. /
_cშემდგ. თ.გეგეჭკორი ; რ.წერეთელი ; გ.კაკუშაძე ; რედ : ე.კირვალიძე.
264 _aთბილისი :
_bსპი,
_c1979.
300 _a64 გვ .:
_bილ ;
_c20 სმ.
653 _aმასალების ჭრით დამუშავება
700 _aგეგეჭკორი, თ
_eშემდგენელი
_91138
700 _aწერეთელი, რ
_eშემდგენელი
_93142
700 _aკაკუშაძე, გ
_eშემდგენელი
_93143
700 _aკირვალიძე, ე
_eრედაქტორი
_93144
942 _cBK
_2udc